E' facile liberarsi delle emozioni moleste se sai come farlo /

Gespeichert in:
Bibliographische Detailangaben
1. Verfasser: Stamateas, Bernardo
Weitere Verfasser: Marseguerra, Claudia
Format: Buch
Sprache:Italienisch
Veröffentlicht: Milano : Corbaccio, 2014
Schlagworte:
Tags: Tag hinzufügen
Keine Tags, Fügen Sie das erste Tag hinzu!

MARC

LEADER 00000nam a22000007i 4500
001 IT\ICCU\UFE\0984413
003 ItRI
005 20260115232126.0
008 140510s2014 it |||||| ||||| |||||c
020 |a 9788863807196 
040 |b ita  |c importazione bologna sebina 
041 7 |a ita  |2 ISO-639-2 
082 |a 152.4  |9 EMOZIONI  |2 14 
100 1 |a Stamateas, Bernardo  |0 IT\ICCU\PARV\568718 
240 1 0 |a Emociones toxica  |3 IT\ICCU\UFE\0984414  |9 Stamateas, Bernardo 
245 1 0 |a E' facile liberarsi delle emozioni moleste se sai come farlo /  |c Bernardo Stamateas ; traduzione di Claudia Marseguerra. 
260 |a Milano :  |b Corbaccio,  |c 2014 
300 |a 241 p. ;  |c 21 cm 
650 7 |a Emozioni  |x Controllo 
700 1 |a Marseguerra, Claudia  |0 IT\ICCU\VIAV\099406 
942 |2 ddc  |c BK  |n 0 
952 |0 0  |1 0  |4 0  |6 DOC_152_400000000000000_STA  |7 0  |9 20509  |a BO  |b BO  |d 2026-01-15  |i 20044  |l 0  |o DOC 152.4 STA  |p BO20044  |r 2026-01-15 23:21:26  |w 2026-01-15  |x [Sebina 5] [1 v.]  |y BK  |z 1 v. 
999 |c 17509  |d 17509